Monarchie ou République ? (mort subite) - Statistiques

Statistiques générales
  • Ce quiz a été pris 264 fois
  • Le résultat moyen est 13 sur 25
Answers on the Grid
Answers color-coded by a green-red scale on the quiz's grid according to % correct below.
Royaume-Uni
Japon
Allemagne
Maroc
Suède
Brésil
Norvège
Thaïlande
Italie
Espagne
Canada
Arabie Saoudite
Inde
Pays-Bas
Australie
Belgique
Portugal
Émirats arabes unis
Iran
Vatican
Danemark
Finlande
Grèce
Luxembourg
Turquie
Éthiopie
Cambodge
Malaisie
Zimbabwe
Nouvelle-Zélande
Qatar
Corée du Nord
Jordanie
Oman
Koweït
Népal
Nigeria
Bahreïn
Bhoutan
Chine
 
Statistiques - réponses
Réponse % Correct
👑 Monarchie Royaume-Uni
98%
👑 Monarchie Espagne
84%
👑 Monarchie Maroc
81%
👑 Monarchie Belgique
70%
👑 Monarchie Suède
68%
👑 Monarchie absolue Arabie Saoudite
65%
👑 Monarchie Norvège
60%
👑 Monarchie Danemark
58%
👑 Monarchie Japon
58%
👑 Monarchie Pays-Bas
58%
👑 Monarchie Thaïlande
57%
👑 Monarchie fédérale (émirats) Émirats arabes unis
55%
👑 Monarchie (grand-duché) Luxembourg
49%
👑 Monarchie (émirat) Qatar
44%
👑 Monarchie Jordanie
43%
👑 Monarchie (élective : pape = chef d’État) Vatican
40%
👑 Monarchie Koweït
39%
👑 Monarchie (sultanat) Oman
39%
👑 Monarchie Bahreïn
37%
👑 Monarchie (comme le Canada, monarchie parlementaire) Australie
34%
👑 Monarchie (constitutionnelle, avec Charles III) Canada
32%
👑 Monarchie Bhoutan
28%
👑 Monarchie Cambodge
27%
👑 Monarchie élective Malaisie
26%
👑 Monarchie Nouvelle-Zélande
22%
Aucun quiz correspondant
Distribution des résultats
% des personnes avec chaque résultat
Percentile par nombre de réponses
Votre historique - résultats
Vous n’avez pas pris ce quiz